Concurso de tesis de interés regional 2017
I tiakina i:
| Ngā kaituhi matua: | , , , , , |
|---|---|
| Hōputu: | Pukapuka |
| Reo: | Pāniora |
| I whakaputaina: |
Valparaíso
USM
2017
|
| Putanga: | 1a. ed |
| Ngā marau: | |
| Ngā Tūtohu: |
Tāpirihia he Tūtohu
Kāore He Tūtohu, Me noho koe te mea tuatahi ki te tūtohu i tēnei pūkete!
|
MARC
| LEADER | 00000cam a2200000 a 4500 | ||
|---|---|---|---|
| 001 | UCC3013 | ||
| 003 | CL-VaPUC | ||
| 008 | 180406e20170000cl |||||||||||||||||spa|d | ||
| 020 | |a 9789563560589 | ||
| 082 | 0 | 4 | |a 378.43 |b PER |2 21 |
| 100 | 0 | |a Pérez Bravo, Gonzalo |e author |9 597034 | |
| 700 | 0 | |a Salazar Farías, Libny |e author |9 597035 | |
| 700 | 0 | |a Lara Martínez, Barbarita |e author |9 597036 | |
| 700 | 0 | |a Viveros Ibarra, Alvaro |e author |9 597037 | |
| 700 | 0 | |a Villegas Rodríguez, Marial |e author |9 597038 | |
| 700 | 0 | |a Muñoz Alveal, Gustavo |e author |9 597039 | |
| 245 | 1 | 0 | |a Concurso de tesis de interés regional 2017 |
| 250 | |a 1a. ed | ||
| 300 | |a 136 p | ||
| 942 | |c BK | ||
| 945 | |d 20180406 12:36:00 |a dcastane | ||
| 260 | |a Valparaíso |b USM |c 2017 | ||
| 650 | 0 | |a Universidades chilenas |9 407335 | |
| 650 | 0 | |a Investigación y desarrollo (I+D) |9 324714 | |
| 650 | 0 | |a Investigación científica |9 259857 | |
| 583 | |a last modification |c 20180406 12:36:00 |k Rodrigo Vera | ||
| 999 | |c 370880 |d 370878 | ||
| 952 | |0 0 |1 0 |3 erb |4 0 |6 378_430000000000000_PER_2017 |7 0 |8 A |9 487573 |a BIBGIM |b BIBGIM |i 5461529 |o 378.43 PER 2017 |p 5461529 |r 2025-01-15 |w 2019-11-24 |y BK |z Catalogado en:20180406 |k SSL | ||